<?xml version="1.0" encoding="UTF-8"?>
<record
    xmlns:xsi="http://www.w3.org/2001/XMLSchema-instance"
    xsi:schemaLocation="http://www.loc.gov/MARC21/slim http://www.loc.gov/standards/marcxml/schema/MARC21slim.xsd"
    xmlns="http://www.loc.gov/MARC21/slim">

  <leader>01970nam a2200313 a 4500</leader>
  <controlfield tag="001"> </controlfield>
  <controlfield tag="003">DO-SdBNP</controlfield>
  <controlfield tag="005">20220203120801.0</controlfield>
  <controlfield tag="008">081127s2007    dr            001 0 spa d</controlfield>
  <datafield tag="020" ind1=" " ind2=" ">
    <subfield code="a">9789945861488</subfield>
  </datafield>
  <datafield tag="040" ind1=" " ind2=" ">
    <subfield code="a">DO-SdBNP</subfield>
    <subfield code="b">spa</subfield>
    <subfield code="c">BPMSU </subfield>
  </datafield>
  <datafield tag="082" ind1=" " ind2=" ">
    <subfield code="a">370.97293</subfield>
    <subfield code="b">G643d 2007</subfield>
    <subfield code="2">22</subfield>
  </datafield>
  <datafield tag="100" ind1="1" ind2=" ">
    <subfield code="a">Gonz&#xE1;lez, Raymundo,</subfield>
    <subfield code="d">1961-</subfield>
  </datafield>
  <datafield tag="245" ind1="1" ind2="0">
    <subfield code="a">Documentos para la historia de la educaci&#xF3;n moderna de la Rep&#xFA;blica Dominicana (1879-1894) /</subfield>
    <subfield code="c">Raymundo Gonz&#xE1;lez.</subfield>
  </datafield>
  <datafield tag="260" ind1=" " ind2=" ">
    <subfield code="a">Santo Domingo :</subfield>
    <subfield code="b">Academia Dominicana de la Historia,</subfield>
    <subfield code="c">2007.</subfield>
  </datafield>
  <datafield tag="300" ind1=" " ind2=" ">
    <subfield code="a">2 v. ;</subfield>
    <subfield code="c">23 cm.</subfield>
  </datafield>
  <datafield tag="490" ind1="0" ind2=" ">
    <subfield code="a">Academia Dominicana de la Historia</subfield>
    <subfield code="v">58</subfield>
  </datafield>
  <datafield tag="490" ind1="1" ind2=" ">
    <subfield code="a">Archivo General de la Naci&#xF3;n</subfield>
    <subfield code="v">37</subfield>
  </datafield>
  <datafield tag="500" ind1=" " ind2=" ">
    <subfield code="a">Incluye datos biogr&#xE1;ficos del autor en la solapa de la cubierta </subfield>
  </datafield>
  <datafield tag="500" ind1=" " ind2=" ">
    <subfield code="a">Incluye &#xED;ndice</subfield>
  </datafield>
  <datafield tag="505" ind1="1" ind2=" ">
    <subfield code="g">Volumen I.</subfield>
    <subfield code="t">Presentaci&#xF3;n --</subfield>
    <subfield code="t">Contenido --</subfield>
    <subfield code="t">Introducci&#xF3;n --</subfield>
    <subfield code="t">Agradecimientos --</subfield>
    <subfield code="g">Primera parte.</subfield>
    <subfield code="t">Documentos del Poder Legislativo --</subfield>
    <subfield code="t">Leyes sobre educaci&#xF3;n --</subfield>
    <subfield code="t">Actas de las sesiones del Congreso Nacional --</subfield>
    <subfield code="t">Segunda parte --</subfield>
    <subfield code="t">Documentos del Poder Ejecutivo --</subfield>
    <subfield code="t">Mensajes y decretos presidenciales --</subfield>
    <subfield code="t">Documentos del Ministerio de Justicia e Instrucci&#xF3;n P&#xFA;blica --</subfield>
    <subfield code="t">Actas de la Junta Superior Directiva de Estudios --</subfield>
    <subfield code="t">&#xCD;ndice onom&#xE1;stico --</subfield>
    <subfield code="t">&#xCD;ndice topon&#xED;mico.</subfield>
  </datafield>
  <datafield tag="505" ind1="1" ind2=" ">
    <subfield code="g">Volumen II.</subfield>
    <subfield code="t">Contenido --</subfield>
    <subfield code="g">Segunda parte.</subfield>
    <subfield code="t">Documentos del Poder Ejecutivo (continuaci&#xF3;n) --</subfield>
    <subfield code="t">Documentos del Ministerio de Justicia e Instrucci&#xF3;n P&#xFA;blica --</subfield>
    <subfield code="t">Documentos de las escuelas normales --</subfield>
    <subfield code="t">Informes del inspector de ense&#xF1;anza --</subfield>
    <subfield code="t">Informes provinciales y municipales --</subfield>
    <subfield code="t">Sueltos editoriales de la gaceta oficial, --</subfield>
    <subfield code="g">Tercera parte.</subfield>
    <subfield code="t">Documentos eclesi&#xE1;sticos --</subfield>
    <subfield code="t">&#xCD;ndice onom&#xE1;stico --</subfield>
    <subfield code="t">&#xCD;ndice topon&#xED;mico.</subfield>
  </datafield>
  <datafield tag="590" ind1=" " ind2=" ">
    <subfield code="a">Inventariado, 2022/VM</subfield>
  </datafield>
  <datafield tag="650" ind1=" " ind2="4">
    <subfield code="a">Educaci&#xF3;n</subfield>
    <subfield code="x">Historia</subfield>
    <subfield code="z">Rep&#xFA;blica Dominicana</subfield>
  </datafield>
  <datafield tag="710" ind1="4" ind2=" ">
    <subfield code="a">Academia Dominicana de la Historia</subfield>
  </datafield>
  <datafield tag="710" ind1="4" ind2=" ">
    <subfield code="a">Archivo General de la Naci&#xF3;n (Rep&#xFA;blica Dominicana)</subfield>
  </datafield>
  <datafield tag="910" ind1=" " ind2=" ">
    <subfield code="a">VMateo V. </subfield>
  </datafield>
  <datafield tag="942" ind1=" " ind2=" ">
    <subfield code="2">ddc</subfield>
    <subfield code="c">BK</subfield>
  </datafield>
  <datafield tag="952" ind1=" " ind2=" ">
    <subfield code="0">0</subfield>
    <subfield code="1">0</subfield>
    <subfield code="2">ddc</subfield>
    <subfield code="4">0</subfield>
    <subfield code="7">0</subfield>
    <subfield code="8">CD</subfield>
    <subfield code="a">BPMET</subfield>
    <subfield code="b">BPMET</subfield>
    <subfield code="d">2022-02-03</subfield>
    <subfield code="e">AGN</subfield>
    <subfield code="l">0</subfield>
    <subfield code="o">BPMSU CD 370.97293 G643d 2007</subfield>
    <subfield code="p">BPMSU22020015</subfield>
    <subfield code="r">2022-02-03</subfield>
    <subfield code="w">2022-02-03</subfield>
    <subfield code="y">BK</subfield>
  </datafield>
  <datafield tag="999" ind1=" " ind2=" ">
    <subfield code="c">14005</subfield>
    <subfield code="d">14005</subfield>
  </datafield>
</record>
